Normal view
MARC view
- Dr. Manoj Mathew (Guide)
Entry Personal Name
001 - CONTROL NUMBER
- control field: 3986
003 - CONTROL NUMBER IDENTIFIER
- control field: OSt
005 - DATE AND TIME OF LATEST TRANSACTION
- control field: 20181121111026.0
008 - FIXED-LENGTH DATA ELEMENTS
- fixed length control field: 181121|| aca||aabn | a|a d
040 ## - CATALOGING SOURCE
- Original cataloging agency: OSt
- Transcribing agency: OSt
100 ## - HEADING--PERSONAL NAME
- Personal name: Dr. Manoj Mathew (Guide)
670 ## - SOURCE DATA FOUND
- Source citation: Work cat.: (OSt)14918: MADHUKUMARA D.M 3985, Design, development and testing of a tractor drawn semi-automatic rhizome planter for ginger and turmeric
